Fertilizer use by crop
Đã lưu trong:
| 企业作者: | |
|---|---|
| 格式: | 图书 |
| 语言: | Undetermined |
| 出版: |
Rome, Italy
FAO
2006
|
| 主题: | |
| 标签: |
添加标签
没有标签, 成为第一个标记此记录!
|
| Thư viện lưu trữ: | Trung tâm Học liệu Trường Đại học Cần Thơ |
|---|
| LEADER | 00483nam a2200193Ia 4500 | ||
|---|---|---|---|
| 001 | CTU_130450 | ||
| 008 | 210402s9999 xx 000 0 und d | ||
| 082 | |a 631.81 | ||
| 082 | |b F686/No.17 | ||
| 110 | |a FAO | ||
| 245 | 0 | |a Fertilizer use by crop | |
| 245 | 0 | |c FAO | |
| 260 | |a Rome, Italy | ||
| 260 | |b FAO | ||
| 260 | |c 2006 | ||
| 650 | |a Crops,Crops and soils.,Fertilizers. | ||
| 650 | |x Nutrition. | ||
| 904 | |i Minh | ||
| 980 | |a Trung tâm Học liệu Trường Đại học Cần Thơ | ||